| 000 | 00855cab a2200253 4500 | ||
|---|---|---|---|
| 001 | WB3325-53 | ||
| 008 | 090401t1997 xxu||||| |||| 00| 0 eng d | ||
| 035 | _a(Sirsi) u79232 | ||
| 041 | _aeng | ||
| 245 | _aBus use to be boosted | ||
| 260 | _c1997 | ||
| 350 | _a0 | ||
| 490 |
_aFinancial Times _v25 June 1997, 10(1) |
||
| 520 | _aGovernment proposes to encourage motorists to use buses by imposing penalties such as road tolls, higher car parking charges and heavy fines for obstructing bus lanes. The Buses Bill will re-regulate the buses industry and empower local authorities to promote bus travel. | ||
| 650 | _aBUS INDUSTRY | ||
| 650 | _aBUS LANES | ||
| 650 | _aBUSES BILL | ||
| 650 | _aCAR USE | ||
| 650 | _aPUBLIC TRANSPORT | ||
| 650 | _aROAD TOLLS | ||
| 690 | _aTRANSPORT AND COMMUNICATIONS | ||
| 942 | _n0 | ||
| 948 | _c25/06/1997 | ||
| 999 |
_c49818 _d49818 |
||